000 00860nam a2200229Ii 4500
003 JO-AjNU
008 230605s9999||||xx |||||||||||||| ||und||
020 _a9957-16-040-0
040 _aJO-AjNU
_bara
_erda
_cJO-AjNU
041 _aara
050 1 4 _aK1401.1998
100 3 _a قليوبي ، ربا طاهر ,
_eauthor
_925003
245 0 0 _aحقوق الملكية الفكرية ، تشريعات ، أحكام قضائية ، اتفاقيات دولية ومصطلحات قانونية
250 _aط1
264 3 1 _aعمان : دار الثقافة ، 2005
300 _a516ص
336 _atext
_btxt
_2rdacontent
337 _aunmediated
_bn
_2rdamedia
338 _avolume
_bnc
_2rdacarrier
490 0 _aالمكتبة القانونية (224)
650 4 _aقانون تجاري -- الاردن -- قانون صناعي -- الاردن
_925004
999 _aA9295
_c12863
_d12863